[Event "Richard Riordan GM Blitz"]
[Site "Natanya ISR"]
[Date "2009.07.16"]
[Round "5"]
[White "Rodshtein,M"]
[Black "Golod,V"]
[Result "1-0"]
[WhiteElo "2623"]
[BlackElo "2599"]

1.d4 d5 2.Nf3 c6 3.c4 dxc4 4.e3 Be6 5.Nc3 Nf6 6.e4 b5 7.Ng5 Qc8 8.f3 Bd7
9.e5 Nd5 10.a4 e6 11.Be2 a6 12.O-O c5 13.axb5 cxd4 14.Nxd5 exd5 15.f4 d3
16.Bf3 h6 17.Nxf7 Qc5+ 18.Kh1 Kxf7 19.f5 Bxb5 20.Be3 d4 21.Bxd4 Qxd4 22.Bxa8 Qxe5
23.Qh5+ Kg8 24.Rae1 Qd6 25.f6 Nd7 26.Bd5+ Kh7 27.Be4+  1-0

[Event "TCh Eur-Youth U18"]
[Site "Pardubice CZE"]
[Date "2009.07.16"]
[Round "1"]
[White "Anton,T"]
[Black "Yilmaz,M"]
[Result "0-1"]
[WhiteElo "2379"]
[BlackElo "2432"]

1.d4 d5 2.c4 c6 3.Nf3 Nf6 4.Qc2 dxc4 5.Qxc4 Bf5 6.Nc3 e6 7.g3 Nbd7 8.Bg2 Be7
9.O-O O-O 10.Bf4 Rc8 11.Rfe1 b5 12.Qb3 b4 13.Na4 Be4 14.Ne5 Bxg2 15.Kxg2 Nxe5
16.Bxe5 Ng4 17.Red1 Nxe5 18.dxe5 Qc7 19.Qc4 Qxe5 20.Rd7 Rc7 21.Rad1 Rfc8
22.b3 g6 23.e4 Qb5 24.Qc2 c5 25.Rxc7 Rxc7 26.Nb2 Bf6 27.Rd6 Rd7 28.Qd3 Qxd3
29.Rxd3 Bd4 30.Nc4 f5 31.e5 g5 32.h3 Rc7 33.f4 h6 34.Kf3 Rc6 35.Rd2 Kg7 36.Rg2 Rc8
37.g4 Rf8 38.h4 fxg4+ 39.Rxg4 Rxf4+ 40.Rxf4 gxf4 41.Kxf4 Kg6 42.Kg4 h5+ 43.Kf4 Bf2
44.Na5 Bxh4 45.Nc6 a6 46.Nb8 Bg5+ 47.Ke4 h4 48.Nxa6 h3 49.Kf3 Be7 50.Kg3 Kf5
51.Nc7 Kxe5 52.Nb5 Ke4 53.Kxh3 Kf3 54.a4 bxa3 55.Nxa3 e5 56.Nc4 e4 57.Ne5+ Kf2
58.Ng4+ Kf1 59.Ne3+ Ke2 60.Nf5 Kf2 61.Nxe7 e3 62.Nd5 e2 63.Nf4 e1=Q 64.Nd3+ Kf1  0-1

[Event "61st ch-MNE"]
[Site "Cetinje MNE"]
[Date "2009.07.18"]
[Round "8"]
[White "Kosic,D"]
[Black "Kalezic,B"]
[Result "1/2-1/2"]
[WhiteElo "2488"]
[BlackElo "2445"]

1.d4 d5 2.Nf3 c6 3.c4 Nf6 4.Qb3 dxc4 5.Qxc4 b5 6.Qc2 e6 7.Bg5 Bb7 8.Nbd2 Nbd7
9.e3 Rc8 10.a4 a6 11.Qb3 Qa5 12.Ra2 Qb6 13.Ra1 Qa5 14.Ra2 Qb6  1/2-1/2

[Event "Najdorf Mem Open"]
[Site "Warsaw POL"]
[Date "2009.07.18"]
[Round "1"]
[White "Solnicki,M"]
[Black "Couso,L"]
[Result "1/2-1/2"]
[WhiteElo "2031"]
[BlackElo "2284"]

1.d4 d5 2.c4 c6 3.Qc2 Nf6 4.Nf3 Bg4 5.Nbd2 e6 6.g3 Nbd7 7.Bg2 Be7 8.O-O O-O
9.a3 a5 10.Rd1 a4 11.b4 axb3 12.Qxb3 Ra7 13.Bb2 Qb6 14.Qc2 Bf5 15.Qc3 Ne4
16.Nxe4 Bxe4 17.Nd2 Bxg2 18.Kxg2 Ra4 19.c5 Qa6 20.e3 f5 21.Nf3 g5 22.Qd3 g4
23.Ng1 b6 24.cxb6 Nxb6 25.Qxa6 Rxa6 26.Rd3 Nc4 27.Rb3 Rfa8 28.Ne2 Bd6 29.Bc1 R8a7
30.Rab1 Kf7 31.h3 h5 32.hxg4 hxg4 33.Rb7+ Kf6 34.Rxa7 Rxa7 35.Rb3 Bxa3 36.Bxa3 Rxa3
37.Rb1 Ra2 38.Re1 Nd2 39.Rc1 Ne4 40.Kf1 Nd2+ 41.Kg2 Nb3 42.Re1 Ra1 43.Rxa1 Nxa1
44.Nc1 Ke7 45.Kf1 Nc2 46.Ke2 Na3 47.Kd3 Nc4 48.Nb3 Nd6 49.Na5 Kd7 50.Nb3 Ne4
51.Ke2 Kd6 52.Ke1 c5 53.dxc5+ Nxc5 54.Nd4 Ne4 55.Ke2 Ke5 56.Nc6+ Kf6 57.Nb4 Ke7
58.Nc6+ Kd7 59.Nd4 Nd6 60.Nb3 e5 61.Nc5+ Ke7 62.Nd3 Kf6 63.Nb4 Ke6 64.Nc6 Ne4
65.Nd8+ Kf6 66.Nc6 Ng5 67.Nb4 Ke6 68.Nc6 Kd6 69.Nb4 Nf3 70.Nd3 Kc6 71.Nb4+ Kc5
72.Nd3+ Kc4 73.Nc1 d4 74.Nd3 e4 75.Nf4 d3+ 76.Kd1 Ne5 77.Ne6 Kc3 78.Nd4 Nc4
79.Nb5+ Kb2 80.Nd4 Kc3 81.Nb5+ Kb4 82.Nd4 Nd6 83.Kd2 Kc4 84.Nc6 Kd5 85.Nb4+ Ke5
86.Nc6+ Kf6 87.Nd4 Nc4+ 88.Kd1 Ne5 89.Nb3 Nf3 90.Na5 Ng1 91.Nb3 Nh3 92.Ke1 Ke5
93.Nd4 f4 94.gxf4+ Nxf4 95.Nc6+ Kd6 96.Nd4 Nd5 97.Kd2 Ke5 98.Nc6+ Kf5 99.Nd4+ Kg5
100.Ke1 Kh4 101.Nb3 Kh3 102.Nd2 Nc3 103.Kf1 Kh2 104.Nb3 Ne2 105.Nd2 g3 106.fxg3 Nxg3+
107.Kf2 Kh3 108.Nb3 Nh1+ 109.Ke1 Kg2 110.Nc5 Kf3 111.Kd2 Ng3 112.Nxd3 Nf1+
113.Kc3 Nxe3 114.Nc5  1/2-1/2

[Event "TCh Eur-Youth U18"]
[Site "Pardubice CZE"]
[Date "2009.07.19"]
[Round "4"]
[White "Kazimova,N"]
[Black "Babazade,Jav"]
[Result "1-0"]
[WhiteElo "2218"]
[BlackElo "1961"]

1.Nf3 Nf6 2.c4 d5 3.d4 c6 4.Qc2 dxc4 5.Qxc4 Bg4 6.Ne5 Be6 7.Qd3 Nbd7 8.Nxd7 Qxd7
9.Nc3 b5 10.b3 Rd8 11.Bb2 g6 12.g3 Bg7 13.Bg2 O-O 14.O-O Bh3 15.Rfd1 Bxg2
16.Kxg2 Nd5 17.Ne4 Qg4 18.Qf3 Qxf3+ 19.Kxf3 Nf6 20.Nc5 Nd7 21.Rac1 Nxc5 22.Rxc5 Rd6
23.e4 Rfd8 24.e5 Rd5 25.Rdc1 f6 26.Rxd5 Rxd5 27.Rxc6 fxe5 28.dxe5 Rd2 29.Rc8+ Bf8
30.Bc1 Rxa2 31.Bh6 Kf7 32.Rxf8+ Ke6 33.Rb8 a6 34.Bf4 Ra3 35.Ke4 Rxb3 36.Rb6+ Kd7
37.Rxa6 b4  1-0

[Event "Synthesia Rapid Open"]
[Site "Pardubice CZE"]
[Date "2009.07.22"]
[Round "1"]
[White "Laznicka,V"]
[Black "Bazarov,K"]
[Result "1-0"]
[WhiteElo "2617"]
[BlackElo "2266"]

1.d4 d5 2.Nf3 Nf6 3.c4 c6 4.Qc2 dxc4 5.Qxc4 Bf5 6.g3 e6 7.Bg2 Be7 8.O-O Nbd7
9.e3 h6 10.Rd1 O-O 11.Qe2 Bh7 12.Nbd2 Ne4 13.Nc4 Qc7 14.Nfd2 Nxd2 15.Bxd2 Rfd8
16.Rac1 Rac8 17.e4 e5 18.d5 Qb8 19.Bh3 cxd5 20.exd5 Bf6 21.Bb4 e4 22.Bd6 Qa8
23.Bf4 b5 24.Na5 Rxc1 25.Rxc1 Nf8 26.d6 g5 27.Be3 a6 28.Rc6 Nd7 29.Bxd7 Rxd7
30.Qg4 Qe8 31.Nb3 Bd8 32.Nc5 Ra7 33.Rc8 f5 34.Qd1 Kf7 35.Qd5+ Kg6 36.Ne6 Rd7
37.Rxd8 Rxd8 38.Nxd8 Qxd8 39.d7 Bg8 40.Qd6+ Kf7 41.Bb6  1-0

[Event "TCh Eur-Youth U18"]
[Site "Pardubice CZE"]
[Date "2009.07.22"]
[Round "7"]
[White "Balog,I1"]
[Black "Hartl,D"]
[Result "1/2-1/2"]
[WhiteElo "2453"]
[BlackElo "2249"]

1.d4 d5 2.Nf3 Nf6 3.c4 c6 4.Qb3 dxc4 5.Qxc4 Bf5 6.g3 Nbd7 7.Bg2 e6 8.O-O Be7
9.Nc3 O-O 10.e3 Ne4 11.Qe2 Nxc3 12.bxc3 Be4 13.Rd1 Qa5 14.Bd2 Ba3 15.Be1 Qh5
16.h3 Nb6 17.c4 Nxc4 18.Qxc4 Bxf3 19.Bxf3 Qxf3 20.Qb3 Bd6 21.Qxb7 Rab8 22.Qa6 Rb2
23.Qf1 Rxa2 24.Rxa2 Qxd1 25.Rxa7 Rb8 26.Ba5 Qc2 27.Qg2 c5 28.Qf3 Qg6 29.Rd7 Bf8
30.Bc7 Re8 31.dxc5 Bxc5 32.Qc6 Bf8 33.e4 Qh5 34.Kg2 Qc5 35.Qa6 Qa3 36.Qb5 Qb4
37.Qe2 Qa4 38.Qd3 Rc8 39.Be5 Qa3 40.Qd1 Qc5 41.Bf4 Qc6 42.Qd3 Qa4 43.Bd2 Qa3
44.Qb5 Qa8 45.Rb7 Rd8 46.Ba5 Re8 47.h4 Bd6 48.Bc3  1/2-1/2

[Event "XXVII Andorra Open"]
[Site "Arinsal AND"]
[Date "2009.07.23"]
[Round "6"]
[White "Kogan,Ar"]
[Black "Guramishvili,S"]
[Result "1-0"]
[WhiteElo "2542"]
[BlackElo "2339"]

1.Nf3 Nf6 2.d4 d5 3.c4 c6 4.Qc2 dxc4 5.Qxc4 Bf5 6.g3 e6 7.Bg2 Nbd7 8.O-O Be7
9.Nc3 O-O 10.Re1 b5 11.Qxc6 b4 12.Nd1 Rc8 13.Qb5 Rb8 14.Qa6 Be4 15.Ne3 Nb6
16.Rd1 Rb7 17.Ne5 Rc7 18.Bxe4 Nxe4 19.Qd3 Nd6 20.Bd2 f6 21.Nf3 Ndc4 22.Nxc4 Nxc4
23.Bc1 Qa8 24.b3 Nb6 25.Bb2 Rd8 26.Rac1 Rcd7 27.e4 a5 28.Re1 a4 29.Qb5 Rb7
30.Qc6 Kf7 31.Qc2 a3 32.Ba1 Rc8 33.Qd3 Rbc7 34.Rxc7 Rxc7 35.d5 exd5 36.e5 Kg8
37.exf6 Bxf6 38.Bxf6 gxf6 39.Qb5 Nd7 40.Qxb4 Nf8 41.Qd6 Qc6 42.Qxa3  1-0

[Event "zt 3.3"]
[Site "Ho Chi Minh City VIE"]
[Date "2009.07.23"]
[Round "2"]
[White "Le Quang Long"]
[Black "Dang Duy Linh"]
[Result "0-1"]
[WhiteElo "2279"]
[BlackElo "2084"]

1.d4 Nf6 2.Nf3 d5 3.c4 c6 4.Qc2 g6 5.Bf4 Bf5 6.Qb3 Qb6 7.c5 Qxb3 8.axb3 Nbd7
9.Nbd2 Bg7 10.b4 a6 11.h3 Ne4 12.Nb3 f6 13.g4 Be6 14.e3 O-O 15.Na5 Bf7 16.Nxb7 e5
17.Bh2 Rfb8 18.Rxa6 Rxa6 19.Bxa6 Ra8 20.Be2 Ra1+ 21.Bd1 Rb1 22.O-O Rxb2 23.Nd8 Be8
24.Ba4 Nb8 25.dxe5 Rxb4 26.Ne6 Rxa4 27.exf6 Bxf6 28.Bxb8 Bd7 29.Nfd4 Rb4
30.Bc7 Kf7 31.f3 Nd2 32.Rf2 Rb1+ 33.Kg2 Nc4 34.Nd8+ Ke8 35.N4e6 Bxe6 36.Nxe6 Kd7
37.Nf8+ Kxc7 38.Nxh7 Nxe3+ 39.Kg3 Bd4 40.Re2 Bxc5 41.Ng5 Bd6+ 42.Kh4 Re1
43.Ra2 Rg1  0-1

[Event "Czech Open A"]
[Site "Pardubice CZE"]
[Date "2009.07.24"]
[Round "1"]
[White "Laznicka,V"]
[Black "Kulovana,E"]
[Result "1/2-1/2"]
[WhiteElo "2617"]
[BlackElo "2299"]

1.d4 d5 2.c4 c6 3.Nf3 Nf6 4.Qc2 g6 5.Bf4 Bg7 6.e3 Bf5 7.Bd3 Bxd3 8.Qxd3 Nbd7
9.Nc3 O-O 10.O-O Qb6 11.c5 Qd8 12.h3 Re8 13.Bh2 Nf8 14.b4 N6d7 15.Rad1 f5
16.b5 e5 17.Qc2 Qa5 18.bxc6 bxc6 19.Ne2 Rab8 20.Rb1 Rxb1 21.Rxb1 exd4 22.Nexd4 Qa6
23.Rb4 Ne6 24.Bd6 Bf8 25.Bxf8 Nexf8 26.Qa4 Nxc5 27.Qxc6 Qxc6 28.Nxc6 Nfd7
29.g4 fxg4 30.hxg4 Re4 31.Rd4 a6 32.Ng5 Rxd4 33.exd4 Ne4 34.Ne6 Nc3 35.a3 Nb6
36.Nc5 Nc4 37.a4 a5 38.Kg2 Kf7 39.g5 Nb6 40.Nxa5 Nbxa4 41.f4 Nb6 42.Kf3 Nc8
43.Nab7 Nb5 44.Ke3 Ncd6 45.Nd8+ Kg7 46.Kd3 h5 47.Nce6+ Kg8 48.Nc6 Nf5 49.Ne5  1/2-1/2

[Event "XXVII Andorra Open"]
[Site "Arinsal AND"]
[Date "2009.07.25"]
[Round "8"]
[White "Kogan,Ar"]
[Black "Arizmendi Martinez,J"]
[Result "1/2-1/2"]
[WhiteElo "2542"]
[BlackElo "2528"]

1.Nf3 d5 2.d4 Nf6 3.c4 c6 4.Qc2 dxc4 5.Qxc4 Bg4 6.Nc3 Nbd7 7.e4 Bxf3 8.gxf3 e5
9.Be3 Bd6 10.O-O-O Qc7 11.Ne2 O-O 12.Qc2 Rfe8 13.dxe5 Nxe5 14.f4 Neg4 15.e5 Bxe5
16.fxe5 Nxe3 17.fxe3 Ng4 18.Qf5 Nxe3 19.Rd7 Qxd7 20.Qxd7 Rad8 21.Qxd8 Rxd8
22.Bh3 Re8 23.e6 f5 24.Nd4 g6 25.Re1 Nd5 26.Bf1 Kg7 27.Bc4 Nb6 28.Bb3 Kf6
29.a4 a5 30.h4 c5 31.Nb5 c4 32.Nd6 Rxe6 33.Rxe6+ Kxe6 34.Nxc4 Nxc4 35.Bxc4+ Ke5
36.Kd2 h6 37.Ke3 g5 38.Kf3 Kd4 39.Be6 Ke5 40.Bc8 b6 41.h5 f4 42.Bb7 Kd4 43.Ba6 Ke5
44.Ke2 Kf5 45.Bc8+ Ke4 46.Bb7+ Kf5 47.Bc8+ Ke4 48.Bg4 Kd4 49.Bf5 Kc4 50.Be6+ Kd4
51.Bc8 Ke5  1/2-1/2

[Event "Politiken Cup"]
[Site "Helsingor DEN"]
[Date "2009.07.25"]
[Round "9"]
[White "Carstensen,J"]
[Black "Jiretorn,E"]
[Result "1-0"]
[WhiteElo "2330"]
[BlackElo "2150"]

1.d4 d5 2.c4 c6 3.Nf3 dxc4 4.e3 Be6 5.Nbd2 b5 6.a4 Qa5 7.Ra3 b4 8.Ra1 b3
9.Ne5 c3 10.bxc3 Qxc3 11.Rb1 Nf6 12.Bc4 Bxc4 13.Nxc4 e6 14.Rxb3 Qa1 15.Qc2 Nd5
16.O-O Nb4 17.Rxb4 Bxb4 18.Bb2 Qa2 19.Ra1 Qxa1+ 20.Bxa1 O-O 21.Ne4 Nd7 22.Ng5 g6
23.Qe4 Be7 24.h4 Nb6 25.Ne5  1-0

[Event "Continental ch-Americas"]
[Site "Sao Paulo BRA"]
[Date "2009.07.25"]
[Round "1"]
[White "Cori T.,D"]
[Black "Supi,L"]
[Result "1-0"]
[WhiteElo "2390"]
[BlackElo "2015"]

1.d4 d5 2.Nf3 Nf6 3.c4 c6 4.Qc2 g6 5.Bf4 Bg7 6.e3 O-O 7.Nc3 a6 8.a4 a5 9.cxd5 Nxd5
10.Nxd5 Qxd5 11.Bc4 Qd8 12.O-O Nd7 13.e4 Nb6 14.Bb3 Bg4 15.Ne5 Qc8 16.Nxf7 e6
17.Nh6+ Kh8 18.Be3 Bh5 19.Qc5 Nd7 20.Qe7 Re8 21.Qf7 Bf6 22.Bxe6 g5 23.Bxd7  1-0

[Event "Najdorf Mem Open"]
[Site "Warsaw POL"]
[Date "2009.07.26"]
[Round "9"]
[White "Solnicki,M"]
[Black "Olejarczyk,B"]
[Result "0-1"]
[WhiteElo "2031"]
[BlackElo "2159"]

1.d4 d5 2.c4 c6 3.Nf3 Nf6 4.Qc2 Bg4 5.g3 e6 6.Bg2 Nbd7 7.O-O Bd6 8.Bf4 Qc7
9.e3 dxc4 10.Qxc4 O-O 11.Nc3 e5 12.dxe5 Nxe5 13.Nxe5 Bxe5 14.Bg5 Be6 15.Qe2 h6
16.Bxf6 Bxf6 17.Ne4 Be7 18.f4 f5 19.Nf2 Rad8 20.e4 Rd4 21.Rfd1 Rfd8 22.Rxd4 Rxd4
23.exf5 Bxf5 24.Re1 Bc5 25.Qh5 Qd7 26.Kh1 Rd2 27.Ne4 Qe6 28.g4 Bxe4 29.Bxe4 Rd1  0-1

[Event "14th Open"]
[Site "Creon FRA"]
[Date "2009.07.28"]
[Round "3"]
[White "Spindler,H"]
[Black "Kirk,J"]
[Result "0-1"]
[WhiteElo "1800"]
[BlackElo "1988"]

1.d4 d5 2.c4 c6 3.Nf3 Nf6 4.g3 e6 5.Bg2 Bd6 6.O-O Nbd7 7.Nbd2 O-O 8.Qc2 Re8
9.e4 dxe4 10.Nxe4 Nxe4 11.Qxe4 e5 12.Rd1 exd4 13.Qd3 c5 14.Bg5 f6 15.h4 Ne5
16.Nxe5 Bxe5 17.f4 Bc7 18.Be4 fxg5 19.hxg5 Bg4 20.Rd2 Qe7 21.Re1 Qd7 22.Bxh7+ Kf8
23.Be4 Ba5 24.b4 Bxb4 25.Rb1 Bxd2 26.Rxb7 Qe6 27.Bd5 Qe1+ 28.Kh2 Re2+ 29.Bg2 Qf2  0-1

[Event "ZMD Open"]
[Site "Dresden GER"]
[Date "2009.07.30"]
[Round "6"]
[White "Kleibaumhueter,K"]
[Black "Bluebaum,J"]
[Result "0-1"]
[WhiteElo "2148"]
[BlackElo "2008"]

1.Nf3 Nf6 2.c4 c6 3.d4 d5 4.Qc2 dxc4 5.Qxc4 Bf5 6.Nc3 e6 7.Bg5 Be7 8.g3 Nbd7
9.Bg2 h6 10.Bf4 O-O 11.O-O Ne4 12.Nd2 Nxd2 13.Bxd2 Nb6 14.Qb3 Qxd4 15.e4 Qxd2
16.exf5 exf5 17.Rad1 Qg5 18.f4 Bc5+ 19.Kh1 Qf6 20.Rc1 Bd4 21.a4 Rab8 22.a5 Nd7
23.Rcd1 Rfd8 24.Qc4 Nf8 25.a6 bxa6 26.Bxc6 Rb4  0-1

[Event "ZMD Open"]
[Site "Dresden GER"]
[Date "2009.07.30"]
[Round "6"]
[White "Heck,N"]
[Black "Rozov,B"]
[Result "0-1"]
[WhiteElo "2324"]
[BlackElo "2138"]

1.Nf3 Nf6 2.c4 c6 3.d4 d5 4.Qc2 e6 5.g3 Ne4 6.Bg2 Bb4+ 7.Nbd2 f5 8.O-O Nd7
9.Nxe4 fxe4 10.Ng5 Nf6 11.f3 h6 12.Nh3 O-O 13.Be3 exf3 14.exf3 Bd6 15.Rae1 dxc4
16.Qxc4 Nd5 17.Bc1 Bd7 18.Nf2 b5 19.Qd3 Qa5 20.Ne4 Be7 21.a3 b4 22.axb4 Nxb4
23.Qe2 Rae8 24.f4 c5 25.Bh3 cxd4 26.Nf2 Bf6 27.Ng4 Bb5 28.Nxf6+ Rxf6 29.Qh5 Nd3
30.Rd1 Nxc1 31.Rxc1 Qb6 32.Rc5 a6 33.b4 Rd8 34.Rd1 d3 35.Kf1 Ba4 36.Rb1 Bb5
37.Bg4 d2+ 38.Kg2 Bd3 39.Rb2 Be4+ 40.Kf1 Rf5 41.Rxf5 exf5 42.Bd1 Qe3 43.Be2 Bd3  0-1

[Event "FSIMA August"]
[Site "Budapest HUN"]
[Date "2009.08.02"]
[Round "2"]
[White "Kahn,E"]
[Black "Simonyi,Z"]
[Result "0-1"]
[WhiteElo "2281"]
[BlackElo "2249"]

1.d4 d5 2.c4 c6 3.Nf3 Nf6 4.g3 Bf5 5.Bg2 e6 6.O-O Be7 7.Nc3 Nbd7 8.Nd2 Qb6
9.c5 Qd8 10.f3 e5 11.e3 h6 12.Re1 O-O 13.b4 Re8 14.Nb3 Bf8 15.Bd2 e4 16.f4 h5
17.h3 Be7 18.a4 a6 19.b5 Nf8 20.bxc6 bxc6 21.Na2 Qd7 22.Kh2 Reb8 23.Rb1 Bd8
24.Qe2 a5 25.Bc3 Qa7 26.Qd2 Bc8 27.Bf1 Ne6 28.Kg1 Kf8 29.Rb2 Ke8 30.Reb1 Bc7
31.Be2 g6 32.g4 Ng7 33.g5 Ng8 34.Bf1 Ne7 35.Nac1 Ngf5 36.Qf2 Kd7 37.Na1 Rxb2
38.Rxb2 Ba6 39.Nc2 Bxf1 40.Qxf1 Rb8 41.Rxb8 Qxb8 42.Qe1 Nh4 43.Qxh4 Qb1 44.Qf2 Qxc1+
45.Kg2 Nf5 46.Kh2 Nh4 47.Kg3 Nf3 48.Kg2 Qd1 49.Ne1 Nxe1+ 50.Bxe1 Qxa4 51.f5 Qd1
52.fxg6 fxg6 53.Qf7+ Kc8 54.Qxg6 Qxe1 55.Qxc6 Qe2+ 56.Kg1 Qxe3+ 57.Kf1 Qxh3+
58.Ke1 Qh4+ 59.Kd1 Qg4+ 60.Ke1 Qxg5 61.Qe8+ Qd8  0-1

[Event "Centroamericano & Caribbean U20"]
[Site "Medellin COL"]
[Date "2009.08.02"]
[Round "6"]
[White "Moran,D"]
[Black "Wiltshire,E"]
[Result "1-0"]
[WhiteElo "2055"]
[BlackElo "1933"]

1.d4 d5 2.c4 c6 3.Nf3 Nf6 4.Qc2 e6 5.Bg5 Nbd7 6.cxd5 cxd5 7.e3 Qa5+ 8.Nc3 Ne4
9.Bd3 Nxg5 10.Nxg5 h6 11.Nf3 a6 12.O-O Nf6 13.e4 dxe4 14.Nxe4 Be7 15.Rfc1 Bd7
16.Ne5 Rc8 17.Qe2 Rxc1+ 18.Rxc1 Qxa2 19.Qc2 Qd5 20.Nxd7 Qxd7 21.Qc8+ Bd8
22.Nxf6+ gxf6 23.Be4 Qxc8 24.Rxc8 b6 25.Kf1 Rg8 26.f4 Kd7 27.Rc6 Bc7 28.g3 f5
29.Bf3 Rb8 30.Kg2 a5 31.Rc2 b5 32.Kh3 Rb6 33.Kh4 Rd6 34.Kh5 Bb6 35.Be2 b4
36.Bb5+ Ke7 37.Kxh6 Bxd4 38.Rc7+ Kf6 39.Be8 e5 40.b3 exf4 41.gxf4 Be3 42.Rxf7+ Ke6
43.Kg6 Rd2 44.Rxf5 Bd4 45.h4 Rc2 46.Rxa5 Rc8 47.Bf7+ Ke7 48.Bc4 Rc6+ 49.Kg5 Bf6+
50.Kg4 Rd6 51.Ra7+ Ke8 52.Rb7 Bc3 53.h5 Rd1 54.h6 Rg1+ 55.Kf5 Rh1 56.h7 Bd2
57.h8=Q+  1-0

[Event "110th US Open"]
[Site "Indianapolis USA"]
[Date "2009.08.04"]
[Round "4"]
[White "Dean,J"]
[Black "Mulyar,M"]
[Result "0-1"]
[WhiteElo "2264"]
[BlackElo "2390"]

1.d4 d5 2.c4 c6 3.Nf3 Nf6 4.Qc2 e6 5.g3 Be7 6.Bg2 O-O 7.O-O Nbd7 8.Nbd2 b6
9.b3 Bb7 10.Bb2 c5 11.e3 Rc8 12.Ne5 b5 13.dxc5 bxc4 14.b4 Qc7 15.f4 a5 16.a3 Ba6
17.Bc3 Qa7 18.Rfe1 Rfd8 19.h3 Nxe5 20.Bxe5 Nd7 21.Bd4 Qc7 22.Qb2 Bf6 23.Nf3 Rb8
24.Qc3 Re8 25.e4 dxe4 26.Ne5 Red8 27.Bxe4 Nxe5 28.Bxe5 Bxe5 29.fxe5 f5 30.exf6 Rd3
31.f7+ Kxf7 32.Qc2 Rxg3+ 33.Bg2 Bb7 34.Re2 axb4 35.Qxh7 Qxc5+ 36.Kh2 Rxg2+
37.Rxg2 Bxg2 38.Kxg2 Qd5+ 39.Kf1 Qf5+ 40.Qxf5+ exf5 41.axb4 Rxb4  0-1

[Event "GMA"]
[Site "Peterhof RUS"]
[Date "2009.08.04"]
[Round "1"]
[White "Lavretzkij,R"]
[Black "Gritsenko,An"]
[Result "0-1"]
[WhiteElo "2313"]
[BlackElo "2401"]

1.d4 d5 2.c4 c6 3.Nf3 Nf6 4.Qc2 dxc4 5.Qxc4 Bf5 6.g3 e6 7.Bg2 Be7 8.O-O O-O
9.Nc3 Nbd7 10.e3 Ne4 11.Nd2 Nd6 12.Qe2 e5 13.dxe5 Nxe5 14.e4 Be6 15.h3 Ndc4
16.Rd1 Qb6 17.Nd5 cxd5 18.exd5 Bc5 19.Nxc4 Nxc4 20.dxe6 fxe6 21.Qxc4 Rxf2
22.Kh1 Rxg2 23.Re1 Qc6 24.Qxe6+ Qxe6 25.Rxe6 Rxg3 26.Kh2 Rf3 27.Rb1 Rf2+
28.Kg3 Rf1 29.b4 Bb6 30.Re7 Rg1+ 31.Kh2 Rc8  0-1

[Event "80th Jubilee Viktor Kart"]
[Site "Lviv UKR"]
[Date "2009.08.05"]
[Round "2"]
[White "Itkis,B"]
[Black "Stips,F"]
[Result "1/2-1/2"]
[WhiteElo "2437"]
[BlackElo "2240"]

1.Nf3 d5 2.d4 Nf6 3.c4 c6 4.Qc2 a6 5.g3 b5 6.b3 g6 7.Bb2 Bf5 8.Qc1 Bg7 9.Bg2 O-O
10.O-O Nbd7 11.Nbd2 Ne4 12.Rd1  1/2-1/2

[Event "4th Timisoara Cup A"]
[Site "Timisoara ROM"]
[Date "2009.08.07"]
[Round "7"]
[White "Anton,T"]
[Black "Emodi,G"]
[Result "1-0"]
[WhiteElo "2379"]
[BlackElo "2311"]

1.d4 d5 2.c4 c6 3.Nf3 Nf6 4.Qc2 g6 5.Bf4 Bg7 6.e3 O-O 7.Nc3 Qa5 8.a3 Bf5
9.Qb3 b6 10.Be2 Nbd7 11.O-O Be6 12.h3 h6 13.Rac1 Rac8 14.Qa2 dxc4 15.Bxc4 Bxc4
16.Qxc4 b5 17.Qb3 a6 18.Ne5 e6 19.Nd3 Rfe8 20.Bd6 Bf8 21.Bxf8 Rxf8 22.Qd1 Qb6
23.Qf3 Kg7 24.Ne4 Nxe4 25.Qxe4 Rfd8 26.b4 Nf6 27.Qf3 Rd5 28.Nf4 Rd6 29.Rc2 a5
30.Rfc1 axb4 31.axb4 Nd5 32.Nd3 Qd8 33.Ne5 Qe8 34.Qg3 Ne7 35.Nxf7 Rd5 36.Nd6  1-0

[Event "Arctic Chess Challenge"]
[Site "Tromso NOR"]
[Date "2009.08.07"]
[Round "7"]
[White "Stokke,K"]
[Black "Drozdovskij,Y"]
[Result "0-1"]
[WhiteElo "2347"]
[BlackElo "2620"]

1.d4 d5 2.Nf3 c6 3.c4 dxc4 4.e3 Be6 5.Nc3 b5 6.a4 b4 7.Ne4 Nf6 8.Ned2 c3
9.bxc3 bxc3 10.Nc4 Nbd7 11.Ba3 g6 12.Qc2 Bd5 13.Be2 Bg7 14.Qxc3 O-O 15.Qa5 c5
16.Qxd8 Rfxd8 17.O-O Ne4 18.Rac1 Nb6 19.a5 Na4 20.Nce5 f6 21.Nc4 Nec3 22.Bd3 cxd4
23.Nxd4 e5 24.Ne2 Na2 25.Ra1 e4 26.Bb1 N2c3 27.Nxc3 Nxc3 28.Nb2 f5 29.Kh1 Nb5
30.Rd1 Bb3 31.Ba2 Bxa2 32.Rxa2 Bxb2  0-1

[Event "2nd WCT GM"]
[Site "Moscow RUS"]
[Date "2009.08.08"]
[Round "1"]
[White "Rozanov,P"]
[Black "Girya,O"]
[Result "1/2-1/2"]
[WhiteElo "2308"]
[BlackElo "2266"]

1.d4 d5 2.Nf3 Nf6 3.c4 c6 4.Qc2 e6 5.g3 Be7 6.Bg2 O-O 7.O-O dxc4 8.Qxc4 b5
9.Qc2 Bb7 10.Nbd2 Nbd7 11.Nb3 Qb6 12.Bg5 c5 13.Nxc5 Nxc5 14.dxc5 Qxc5 15.Qxc5 Bxc5
16.Ne5 Bxg2 17.Kxg2 Rfd8 18.Rac1 Bb6 19.Rc2 Rd5 20.Bxf6 gxf6 21.Nd3 Rad8
22.Rfc1 Kf8 23.h3 f5 24.f4 h5 25.Kf3 f6 26.g4 hxg4+ 27.hxg4 fxg4+ 28.Kxg4 R5d7
29.Rc8 Rg7+ 30.Kf3 Rxc8 31.Rxc8+ Ke7 32.Rh8 Rg1 33.Rh5 Rf1+ 34.Kg2 Rg1+ 35.Kf3 Rf1+
36.Kg2 Rg1+  1/2-1/2

[Event "80th Jubilee Viktor Kart"]
[Site "Lviv UKR"]
[Date "2009.08.09"]
[Round "6"]
[White "Stips,F"]
[Black "Bernadskiy,V"]
[Result "0-1"]
[WhiteElo "2240"]
[BlackElo "2330"]

1.d4 d5 2.c4 dxc4 3.Nf3 c6 4.a4 Nf6 5.Nc3 Bf5 6.Ne5 e6 7.f3 Bb4 8.Nxc4 Nd5
9.Qd2 Nb6 10.e4 Bg6 11.Ne5 N6d7 12.Nxg6 hxg6 13.Bc4 Qh4+ 14.Qf2 Qh5 15.Be3 Na6
16.g4 Qa5 17.O-O Bd6 18.f4 Nf6 19.Be2 Bb4 20.e5 Nd7 21.Ne4 O-O-O 22.f5 gxf5
23.gxf5 Nc7 24.Bg4 Kb8 25.Ng5 Rhf8 26.Nh7 Rg8 27.Ng5 Rgf8 28.Nh7 Rh8 29.Ng5 Rdf8
30.fxe6 fxe6 31.Qg2 Nd5 32.Bf2 Nf4 33.Qe4 Qd8 34.h4 Be7 35.Bg3 Bxg5 36.hxg5 Nh3+
37.Bxh3 Rxh3 38.Qg4 Rfh8 39.Kg2 Nb6 40.Rf7 Qd5+ 41.Rf3 Nc4 42.Qf4 Nxb2 43.Qf7 Qxd4
44.Qxe6 Nc4 45.Qxh3 Rxh3 46.Kxh3 b6 47.Re1 Kb7 48.e6 Qd5 49.e7 Nd6 50.Rf8 Ne8
51.Re5 Qd7+ 52.Kg2 c5 53.Bf4 c4 54.a5 c3 55.axb6 axb6 56.Re1 c2 57.Bc1 b5
58.Rf2 Qc6+ 59.Kg1  0-1

[Event "Mercosur Cup"]
[Site "Villa Martelli ARG"]
[Date "2009.08.10"]
[Round "7"]
[White "Cori T.,D"]
[Black "Obregon,A"]
[Result "0-1"]
[WhiteElo "2390"]
[BlackElo "2406"]

1.d4 d5 2.Nf3 c6 3.c4 Nf6 4.g3 Bf5 5.Bg2 e6 6.Nc3 Nbd7 7.O-O h6 8.Re1 Be7
9.Nd2 O-O 10.a3 c5 11.dxc5 Bxc5 12.cxd5 Bxf2+ 13.Kxf2 Ng4+ 14.Kg1 Ne3 15.Qa4 Nb6
16.Qf4 Nc2 17.Rd1 Nxa1 18.Nde4 Bxe4 19.Bxe4 Nxd5 20.Nxd5 exd5 21.Rxd5 Qf6
22.Qxf6 gxf6 23.Bxh6 Rfd8 24.Rf5 Rd6 25.Bf4 Rb6 26.b4 Rc8 27.Rh5 a6 28.Bh7+ Kf8
29.Bd3 Re8 30.Kf2 Rbe6 31.Rc5 Nb3 32.Bh6+ Kg8 33.Rc4 f5 34.Bg5 Rc6 35.Rh4 Nc1
36.Bxf5 Rxe2+ 37.Kf3 Rc3+ 38.Kg4 Nd3 39.Kh5 Ne5 40.Bf4 Kg7 41.g4 f6 42.g5 fxg5
43.Bxg5 Nf3 44.Bh6+ Kf6 45.Rf4 Re5 46.Bg5+ Nxg5  0-1

[Event "Asian Zone 3.2 w"]
[Site "New Delhi IND"]
[Date "2009.08.11"]
[Round "3"]
[White "Sachdev,T"]
[Black "Nadig,K"]
[Result "1-0"]
[WhiteElo "2410"]
[BlackElo "2268"]

1.d4 d5 2.c4 c6 3.Nf3 Nf6 4.Qc2 dxc4 5.Qxc4 Bf5 6.g3 e6 7.Bg2 Be7 8.O-O Nbd7
9.Nc3 O-O 10.Re1 Ne4 11.Qb3 Qb6 12.Nh4 Bxh4 13.gxh4 Nef6 14.e4 Bg6 15.Qxb6 axb6
16.Bf4 b5 17.Bd6 Rfc8 18.b3 b6 19.a4 bxa4 20.bxa4 Ne8 21.Be7 Rc7 22.Rab1 f6
23.Rb3 Kf7 24.Ba3 Rd8 25.d5 cxd5 26.exd5 e5 27.Rc1 Bf5 28.Bf1 Rdc8 29.d6 Ra7
30.Nd5 Be6 31.Nxb6 Rc6 32.Nxd7 Bxb3 33.Nc5 Be6 34.Nxe6 Kxe6 35.Bb5 Rxd6 36.Bxe8 Rd4
37.h5 Ra8 38.Bb5 Rh4 39.Rc3 Rxh5 40.Bb4 Rh4 41.Rc4 Rd4 42.a5 Rd1+ 43.Kg2 Ra1
44.Rc6+ Kf5 45.Bd3+ Kg5 46.Rc7 R1xa5 47.Rxg7+  1-0

[Event "Mercosur Cup"]
[Site "Villa Martelli ARG"]
[Date "2009.08.12"]
[Round "9"]
[White "Cori T.,D"]
[Black "Real de Azua,E"]
[Result "1/2-1/2"]
[WhiteElo "2390"]
[BlackElo "2445"]

1.d4 d5 2.Nf3 Nf6 3.c4 c6 4.g3 Bf5 5.Bg2 e6 6.Nc3 h6 7.O-O Nbd7 8.Nd2 Be7
9.b3 O-O 10.Bb2 Re8 11.Re1 Qb6 12.h3 Bg6 13.e3 Rac8 14.Kh2 a5 15.Rc1 Red8
16.Qe2 Bh5 17.Qf1 Bg6 18.Qe2 Bh5 19.Qf1 Bg6 20.f4 dxc4 21.Nxc4 Qa7 22.e4 b5
23.f5 Bh7 24.Ne3 Qb8 25.e5 Nd5 26.Nexd5 cxd5 27.fxe6 fxe6 28.Qxb5 Bg5 29.Qxb8 Nxb8
30.Rcd1 Bc2 31.Ra1 Bg6 32.Rad1 Bc2 33.Ra1 Bg6 34.Rad1 Bc2  1/2-1/2

[Event "Yoel Geva YTGM"]
[Site "Tel Aviv ISR"]
[Date "2009.08.14"]
[Round "6"]
[White "Jirka,J"]
[Black "Raznikov,D"]
[Result "1-0"]
[WhiteElo "2440"]
[BlackElo "2270"]

1.d4 d5 2.Nf3 Nf6 3.c4 c6 4.g3 dxc4 5.Bg2 g6 6.a4 Bg7 7.Na3 Nbd7 8.O-O O-O
9.Re1 Ne4 10.Nxc4 Nb6 11.Nce5 a5 12.Qc2 Bf5 13.g4 f6 14.gxf5 gxf5 15.Nd3 Nd5
16.Nd2 Ng5 17.h4 Ne6 18.Nf3 Qe8 19.Nc5 Nxc5 20.dxc5 Qh5 21.Bh3 e6 22.Kh2 Kh8
23.Rg1 Nb4 24.Qb3 e5 25.Qe6 f4 26.Qf5 Qf7 27.Bd2 Nd5 28.Rg2 Rae8 29.Rag1 Bh6
30.Bc3 Nxc3 31.bxc3 Re7 32.Nd2 Qd5 33.Ne4 Rg7 34.f3 Rxg2+ 35.Rxg2 Bg7 36.Qh5  1-0